000 00669nam a2200241Ia 4500
003 OSt
005 20220925204952.0
006 a|||||r|||| 00| 0
007 ta
008 220923b |||||||| |||| 00| 0 eng d
037 _cGeneral Book
040 _aRTL
_cRTL
_beng
041 _2eng
_aeng
082 _aY:(B), L2
100 _aDagenais James J
_980504
245 0 _aModels of man
_b A phenomenological critique of som
260 _aHague
_bNY Nijhoff
_c1972
300 _axii,161p.
_ccm.
500 _aBibiliography chapterwise
650 _aSociometry
942 _hY:(B), L2
_cGB
_2CC
999 _c550869
_d550869